[Event "Europe Echecs online op April"]
[Site "Europe Echecs INT"]
[Date "2020.04.11"]
[Round "9"]
[White "Candalh, Emmanuel"]
[Black "Ouldrouis, Hatem"]
[Result "0-1"]
[WhiteElo "1657"]
[BlackElo "1907"]
[PlyCount "54"]
[EventDate "2020.04.11"]
[EventType "swiss (blitz)"]
[EventRounds "11"]
[EventCountry "FRA"]
[SourceTitle "EXT 2021"]
[Source "ChessBase"]
[SourceDate "2020.10.23"]
[SourceVersion "1"]
[SourceVersionDate "2020.10.23"]
[SourceQuality "1"]

1. e4 d5 2. exd5 c6 3. dxc6 Nf6 4. Nf3 Qc7 5. Nc3 Nxc6 6. Bb5 b6 7. d3 Bb7 8. Bg5 0-0-0 9. Qe2 e5 10. Bxf6 gxf6 11. Ne4 f5 12. Nf6 e4 13. Nd2 Nd4 14. Qh5 Nxc2+ 15. Kd1 Nxa1 16. Qxf5+ Kb8 17. Nfxe4 Bh6 18. Ke2 Nc2 19. Nb3 Rhe8 20. f3 Re5 21. Qf6 Bg5 22. Qg7 Rxb5 23. Rd1 f6 24. Qxc7+ Kxc7 25. a4 Nd4+ 26. Nxd4 Rxb2+ 27. Kf1 Rxd4 0-1

[Event "Europe Echecs online op April"]
[Site "Europe Echecs INT"]
[Date "2020.04.11"]
[Round "3"]
[White "Gherghinoiu, Lucas"]
[Black "Ouldrouis, Hatem"]
[Result "1-0"]
[WhiteElo "2109"]
[BlackElo "1907"]
[PlyCount "49"]
[EventDate "2020.04.11"]
[EventType "swiss (blitz)"]
[EventRounds "11"]
[EventCountry "FRA"]
[SourceTitle "EXT 2021"]
[Source "ChessBase"]
[SourceDate "2020.10.23"]
[SourceVersion "1"]
[SourceVersionDate "2020.10.23"]
[SourceQuality "1"]

1. e4 d5 2. exd5 c6 3. dxc6 Nf6 4. c7 Qxc7 5. Nf3 Nc6 6. d4 b6 7. d5 Ne5 8. Nc3 Bb7 9. Bf4 Nxf3+ 10. Qxf3 e5 11. dxe6 0-0-0 12. Bxc7 Bxf3 13. Bxd8 Kxd8 14. gxf3 fxe6 15. 0-0-0+ Ke8 16. Bb5+ Kf7 17. Ne4 Nd5 18. Bc4 Nc7 19. Rd7+ Be7 20. Rxc7 h6 21. Rg1 g5 22. f4 gxf4 23. Rxe7+ Kxe7 24. Rg7+ Kf8 25. Rxa7 1-0